000 00794cam a22001815a 4500
001 ##E135058
008 050621n2005 xxk f 000 0 eng u
035 _a(Sirsi) u135058
041 0 _aeng
110 2 _aRoyal Institution of Chartered Surveyors
_94900
245 0 0 _aEU energy performance of buildings directive
260 _aLondon
_bRICS
_c2005
520 _aCD-ROM on the European Energy Performance of Buildings Directive (EBPD). The Directive Implementation Advisory Group has been established to advise the UK government on the energy performance of buildings and the implementation of the EBPD in a timely manner.
650 2 4 _aDIRECTIVE 2002/91/EC
690 _aBUILT ENVIRONMENT-BUILDING STANDARDS
690 _aENVIRONMENTAL AND LAND CONSULTANCY-ENERGY-ENERGY USE
942 _n0
999 _c85441
_d85441